000 01275nac a22003017a 4500
001 BR8500887
003 BR-BrBNA
005 20240105120243.0
008 230509b bl.|||m| |||| 00| 0 por d
040 _aBR-BrBNA
_bpor
_cBiblioteca Nacional de Agricultura
072 _aP10; F22; F23
090 _aP10 BR8500887
100 1 _aAssuncao, M.S. de
100 1 _aLeprun, J.C.
100 1 _aCadier, E.
110 1 _aSuperintendencia do Desenvolvimento do Nordeste, Recife, PE (Brasil)
245 1 _aAvaliacao dos recursos hidricos das pequenas bacias do nordeste semi-arido: Acu, Batateiras, Missao Velha e Quixabinha; caracteristicas fisico climaticas (sintese dos resultados)[Brasil]
246 1 _a[Evaluation of the hydric resources of the semi-arid northeast basins: Acu, Batateiras, Missao Velha and Quixabinha; physical climate characteristics (synthesis of the results)[Brazil]]
260 3 _aRecife, PE (Brasil):
_c1984.
300 _a52 p.
490 _aBrasil. SUDENE. Hidrologia (Brazil)
_vno. 22
_x
500 _a5 illus.; 35 tables; Bibliography p. 49-52 (51 ref.); Summaries (En, Fr, Pt)
650 _aRECURSO HIDRICO
650 _aSOLO
650 _aREGIAO NORDESTE
909 _a202312
_bLúcia Elande
_c55
_dLúcia Elande
942 _2AGRIS
_n0
_cMS
999 _c278518
_d278518